00598nam a2200229Ia 4500001000700000003000500007005001700012008004100029010001100070020001800081040000900099082001900108100003200127245007000159250001100229260004600240300001100286503001300297650001300310650002300323650002200346dia_71CHAP20221202135957.0220117s1990 xx 000 0 und d a170503 a84-7114-281-3 cCHAP a635.8 D54 1990 aDiego Calonge, Francisco de aSetas (Hongos) : guía ilustrada /c Francisco de Diego Calonge a2a ed. aMadrid, España :b Mundi-Prensa,c1990 a461 p. aI.207959 aHongos  aHongos venenosos  aSetas comestibles